[Event "SC BLITZ Knockout (<1800)"]
[Site "SchemingMind.com"]
[Date "2007.07.14"]
[Round "-"]
[White "bartleby en passant"]
[Black "javilez"]
[Result "0-1"]
[WhiteCountry "IRL"]
[BlackCountry "NCA"]
[WhiteElo "1767"]
[WhiteRD "72"]
[BlackElo "1746"]
[BlackRD "68"]
[GameID "112498"]

1. d4 d5 2. c4 c6 3. Nf3 Nf6 4. Nc3 e6 5. Bg5 Nbd7 6. c5 b6 7. b4 Be7 8. Bxf6 Nxf6 9. e3 Bb7 10. Bd3 Qc7
11. h3 O-O 12. Ne5 a5 13. cxb6 Qxb6 14. b5 cxb5 15. O-O Ba6 16. Rc1 Rfc8 17. Ne2 Rxc1 18. Qxc1 Rc8 19. Qd1 b4 20. Bxa6 Qxa6
21. Qd2 Rc7 22. Rc1 Qc8 23. Rxc7 Qxc7 24. Qd3 g6 25. g4 Bd6 26. f4 Ne4 27. h4 Bxe5 28. fxe5 Qc4 29. Qxc4 dxc4 30. Kf1 b3
0-1